000 01280cam a2200253 4500
001 L159480
008 000000n2016 000 0 eng u
020 _a9781848064614
035 _a(Sirsi) u159480
041 0 _aeng
050 0 4 _a693.82 $2 18
100 1 _aColwell, Sarah
245 0 4 _aThe role of codes, standards and approvals in delivering fire safety
260 _aWatford
_bBRE
_c2016
300 _a7p.
_c30cm.
490 0 _aBRE Information Paper
_v (IP 5/16)
520 _aIdentifies the key processes used to test and approve fire suppression products. It discusses the risks of assuming compatibility between different codes and standards, which may ultimately impact on the safety of both people and property in fire. It also looks at the key differences between the types of documentary evidence used to support products placed on the market in the form of test reports compared with third-party certification, and the potential impact of these differences on the traceability and independence of the data and ultimately the quality of products.
650 2 4 _aFIRE PROTECTION
650 2 4 _aBUILT ENVIRONMENT-BUILDING STANDARDS
650 2 4 _aFIRE RESISTANT MATERIALS
651 4 _aENGLAND AND WALES
690 _aHealth and safety
_96244
942 _n0
999 _c115940
_d115940